书目信息 |
| 题名: |
通信网络基础
|
|
| 作者: | 李建东 , 盛敏 编著 | |
| 分册: | ||
| 出版信息: | 北京 高等教育出版社 2004.08 |
|
| 页数: | 229页 | |
| 开本: | 23cm | |
| 丛书名: | ||
| 单 册: | ||
| 中图分类: | TN915 | |
| 科图分类: | ||
| 主题词: | 通信网--Tong Xin Wang--高等学校--教材 | |
| 电子资源: | ||
| ISBN: | 7-04-014568-5 | |
| 000 | 00873nam0 2200265 450 | |
| 001 | CAL 012004088318 | |
| 005 | 20050630170655.80 | |
| 010 | @a7-04-014568-5@dCNY 19.10 | |
| 099 | @aCAL 012004088318 | |
| 100 | @a20040901d2004 ekmy0chiy0121 ea | |
| 101 | 0 | @achi |
| 102 | @aCN@b110000 | |
| 105 | @aa z 000yy | |
| 200 | 1 | @a通信网络基础@ATong Xin Wang Luo Ji Chu@f李建东, 盛敏编著 |
| 210 | @a北京@c高等教育出版社@d2004.08 | |
| 215 | @a229页@c图@d23cm | |
| 330 | @a主要内容:通信网络概论及数学基础,端到端的传输协议、网络的时延分析、多址技术、路由算法、流量和拥塞控制、网络结构设计。 | |
| 333 | @a普通高等教育“十五”国家级规划教材 | |
| 606 | 0 | @a通信网@ATong Xin Wang@x高等学校@j教材 |
| 690 | @aTN915@v4 | |
| 701 | 0 | @a李建东@ALi Jian Dong@4编著 |
| 701 | 0 | @a盛敏@ASheng Min@4编著 |
| 801 | 0 | @aCN@bNMU@c20050630 |
| 905 | @a10447@dTN915@eL180 | |
| 998 | @aNMU | |
| 通信网络基础/李建东, 盛敏编著.-北京:高等教育出版社,2004.08 |
| 229页:图;23cm |
| 使用对象:普通高等教育“十五”国家级规划教材 |
| ISBN 7-04-014568-5:CNY 19.10 |
| 主要内容:通信网络概论及数学基础,端到端的传输协议、网络的时延分析、多址技术、路由算法、流量和拥塞控制、网络结构设计。 |
| ● |
| 相关链接 |
|
|
|
正题名:通信网络基础
索取号:TN915/L180
 
预约/预借
| 序号 | 登录号 | 条形码 | 馆藏地/架位号 | 状态 | 备注 |
| 1 | 538368 | 205383681 | 自科库301/301自科库 38排1列2层/ [索取号:TN915/L180] | 在馆 | |
| 2 | 538369 | 205383690 | 自科库301/301自科库 28排4列5层/ [索取号:TN915/L180] | 在馆 | |
| 3 | 538370 | 205383707 | 自科库301/301自科库 38排1列2层/ [索取号:TN915/L180] | 在馆 |